zpět

Detail výsledku týmu

Beachklub Ládví, Praha

Datum a čas kvízu

43.5 Celkem bodů Celkový počet nahraných bodů na tomto kvízu bez doplňovacích otázek.
5. Pořadí na kvízu Konečné umístění týmu na tomto kvízu.

Zaznamenané odpovědi

# Otázka Odpověď Body Výsledky
1. Dnešní speciální kvíz se pones... (Batylda) Bagshotová; Godrikův důl/Godric's Hollow 1
2. Zdi Bradavic zdobí nesčetně po... C 1
3. Florean Fortescue Harrymu velm... zmrzlinové poháry (zmrzlinu) 1
4. S dějinami kouzelnického světa... Kudleyským kanonýrům/Chudley Cannons 1
5. V divadelní hře Harry Potter a... Scorpius (Hyperion) Malfoy; Cedric Diggory 0.5
6. Přeměňovat lze nejen pomocí ko... 1A 2C 3B 4D 1
7. Při zkouškách na konci třetího... v želvu 0
8. Seřaďte zvířecí podoby následu... 1C 2A 3B 4D 1
9. Kterou postavu má znázorňovat... (Horacia) Křiklana/(Horace) Slughorn 1
10. Aby byl v různých jazycích zac... 1D 2C 3A 4B 0